Flagi Państw Europy - Statystyki

Ogólne statystyki
  • Ten quiz został rozwiązany 743 razy
  • Średni wynik to 17 z 46
Statystyki odpowiedzi
Obrazkowy Odpowiedź % Poprawnych
Polska
99%
Albania
88%
Belgia
86%
Białoruś
81%
Austria
78%
Czechy
74%
Chorwacja
72%
Bośnia i Hercegowina
69%
Dania
61%
Francja
60%
Andora
58%
Bułgaria
58%
Estonia
58%
Finlandia
57%
Hiszpania
52%
Czarnogóra
51%
Grecja
51%
Holandia
41%
Irlandia
37%
Łotwa
34%
Litwa
32%
Mołdawia
31%
Islandia
30%
Niemcy
30%
Rumunia
29%
Macedonia Północna
23%
Węgry
22%
Liechtenstein
21%
Malta
19%
Norwegia
19%
Rosja
19%
Portugalia
18%
Luksemburg
17%
Monako
15%
Szwecja
15%
Włochy
13%
Słowacja
11%
Kosowo
10%
Szwajcaria
10%
Ukraina
10%
San Marino
8%
Słowenia
8%
Wielka Brytania
8%
Serbia
6%
Watykan
6%
Turcja
2%
Nie znaleziono quizów pasujących do podanych kryteriów
Rozkład punktacji
Procent ludzi z każdym wynikiem
Percentyl według liczby udzielonych odpowiedzi
Twoja historia wyników
Nie rozwiązałeś tego quizu